000
00208 a2200097 4500
001
49559
100
_a
Grimble
245
_a
Return to the Islands
260
_a
London
_b
John Murray
_c
090
_c
32085
_d
32085
942
_a
NUST-CAE
_c
M
_c
24542
999
_c
284632
_d
284632